01800cam a2200373 a 4500999001500000001000900015003000600024005001700030008004100047010001600088020002200104020002500126035003700151040009400188050002100282082002100303092001800324100001600342245010500358260004300463300002300506336002600529337002800555338002700583504005700610505037700667520012701044650003201171650003801203650001101241700004001252942001201292952012201304 c5000d500012432343OCoLC20181219130240.0840529s1985 oru b 000 0 eng  a 84081211 a0890814414 (pbk.) a9780890814413 (pbk.) a(OCoLC)12432343z(OCoLC)59683100 aDLCbengcDLCdBAKERdBTCTAdUKV3GdYDXCPdOCLCGdHNWdQT7dBDXdOCLCF12-19dOCLCQdCIRBC00aBR481b.H78 198500a270.8219bM478S0 a270.82bH93961 aHunt, Dave.14aThe seduction of Christianity :bspiritual discernment in the last days /cDave Hunt & T.A. McMahon. aEugene, Or. :bHarvest House,c©1985. a239 pages ;c21 cm atextbtxt2rdacontent aunmediatedbn2rdamedia avolumebnc2rdacarrier aIncludes bibliographical references (pages 227-239).0 aThe spreading delusion -- Success and sorcery -- Paganism in modern dress -- Signs of the times? -- An official world religion? -- The coming apostasy -- Roots of seduction -- Sorcery, scientism, and Christianity -- The temptation to power -- Shamanism revived -- Mental alchemy -- Christianized idolatry? -- Psychological salvation -- Self-idolatry -- Tomorrow the world! aArgues that the future of Christianity is challenged by religious cults, self-help philosophies, and the new age movement. 0aChristianityy20th century. 0aChristianity and other religions. 0aCults.1 aMcMahon, T. A.q(Thomas A.),d1944- 2ddccBK 00102ddc40708NFICaHMCbHMCcGENd2018-12-19g850.00l0o270.8 M478Sp005719r2018-12-19 00:00:00w2018-12-19yBK